Alive

מידע ביבליוגרפי
Corporate Authors: G-Dragon, Teddy
פורמט: וידאו DVD
שפה:English
יצא לאור: Seoul : G-Dragon, 2012.
נושאים:
LEADER 01427cgm a2200325 a 4500
001 00025838
003 BD-DhAAL
005 20251007172334.0
007 vd cvaizk
008 120829p2012 ko pp s vleng d
040 |a BD-DhAAL  |c BD-DhAAL 
082 0 0 |a 780.9519  |2 22 
245 1 0 |a Alive  |h [videorecording] =  |c Big Bang (Musical group). 
246 2 |a Bigbang 
260 |a Seoul :  |b G-Dragon,  |c 2012. 
300 |a 1 audio disc (DVD) :  |b digital, stereo ;  |c 4 3/4 in.+ booklet ([30] pages : color illustrations ; 12 cm) 
500 |a The fifth mini album 
500 |a Compact disc. 
500 |a All lyrics written by G-Dragon, T.O.P, and Teddy Park; last track by Daesung. All music co-composed by G-Dragon with one or two others. Compact disc. Guide contains lyrics in Korean and photos of G-Dragon and the band. 
505 |a Intro (Alive) -- Blue -- Love dust -- Bad boy -- Ain't no fun -- Fantastic baby -- Wings (DaeSung solo).  
541 1 |e 00025838 
650 0 |a Songs, Korean.  |9 4978 
650 0 |a Rap (Music) -- Songs, Korean  |9 59509 
650 0 |a Popular music  |z Korea (South)  |y 2011-2020.  |9 59510 
710 2 |a G-Dragon  |9 4980 
710 2 |a Teddy  |9 4981 
852 4 |a Ayesha Abed Library  |j General shelf. 
942 |2 ddc  |c AV 
999 |c 12797  |d 12797 
952 |0 0  |1 0  |2 ddc  |4 0  |6 780_951900000000000_ALI  |7 0  |9 21065  |a BRACUL  |b BRACUL  |c AV  |d 2012-08-28  |e BIL  |g 1.00  |l 0  |o 780.9519 ALI  |p 4010025838  |r 2012-09-04  |t 1  |w 2012-08-28  |y AV